000 00945nam a2200253Ia 4500
003 OSt
005 20220923215415.0
006 a|||||r|||| 00| 0
007 ta
008 220922b |||||||| |||| 00| 0 hin d
024 _a178,453
037 _cTextual
040 _aARTS
_cARTS
_bhin
041 _2hin
_ahin
082 _aO158,1M68w,1, 152L7
100 _aबेजबरूआ, लक्ष्मीनाथ
_9156285
245 0 _aमेरी जीवन स्मृतियां, अनु हंसकुमार तिवारी
246 _aMerī jīvan smṛutiyāan, anu0 hansakumār tivārī
260 _aनई दिल्ली
_b साहित्य अकादमी
_c1977
300 _a155 पृ.
_ccm.
650 _aअसमी कहानी
942 _hO158,1M68w,1, 152L7
_cTEXL
_2CC
999 _c331835
_d331835